000 01470cam a22002054a 4500
005 20250605164016.0
008 250528s ||||||||||||||||||||||||d
035 _a16165
020 _a53410374
040 _aGR-AtMCL
_bgre
_dGR-AtMCL
_eAACR2
245 1 _aDesigning Experiments and Analyzing Data / A Model Comparison Perspective
260 _bWadsworth Publishing Company,
_c1990
300 _a908
520 _aPreface, Conceptual Bases of Experimental Design and Analysis, The Logic of Experimental Design, Introduction to the Fisher Tradition, Model Comparisons for Between-Subjects Designs, Introduction to Model Comparisons: One-Way Between-Subjects Designs, Individual Comparisons of Means, Testing Several Contrasts: The Multiple-Comparisons Problems, Trend Analysis, Two-Way Between-Sunjects Factorial Designs, Higher-Order Between-Subjects Factorial Designs, Designs with Concomitant Variables: ANCOVA and Blocking, Designs with Random or Nested Factors, Model Comparisons for Designs Involving within-Subjects Factors, One-Way Within-Subjects Designs: Univariate Approach, Higher-Order Designs with Within-Subjects Factors: Univariate Approach, Higher-Order Designs with Within-Subjects Factors: Multivariate Approach, Alternative Analysis Strategies, Robust ANOVA and ANCOVA, Statistical Tables, Name and Subject Index.
700 1 _aDelaney Harold D
_92213
700 1 _aMaxwell Scott E
_92214
942 _cBK
999 _c1700
_d1700